|
|
|
|
| LEADER |
01427nam a2200349 a 4500 |
| 001 |
000023600 |
| 003 |
CZ BrMZK |
| 005 |
20160415062609.0 |
| 007 |
ta |
| 008 |
950707s1992 xr f cze d |
| 015 |
|
|
|a cnb000072944
|
| 020 |
|
|
|a 80-7021-083-4
|q (váz.)
|
| 035 |
|
|
|a (OCoLC)85634924
|
| 040 |
|
|
|a ABA001
|b cze
|d BOA001
|
| 045 |
|
|
|a x5x7
|
| 072 |
|
7 |
|a 821.162.3-1
|x Česká poezie
|2 Konspekt
|9 25
|
| 080 |
9 |
|
|a 885.0-1
|
| 100 |
1 |
|
|a Renč, Václav,
|d 1911-1973
|7 jk01102340
|4 aut
|
| 245 |
1 |
0 |
|a Loretánské světlo /
|c Václav Renč ; [edičně připravil Zdeněk Drahoš ; ilustroval Jiří Mědílek]
|
| 250 |
|
|
|a Vyd. 2., (Ve Vyšehradu 1.)
|
| 260 |
|
|
|a Praha :
|b Vyšehrad,
|c 1992
|
| 300 |
|
|
|a 111 s. :
|b barev. il. ;
|c 21 cm
|
| 500 |
|
|
|a Dostupné též v digitální podobě v aplikaci Kramerius
|
| 653 |
0 |
|
|a stol. 20., pol. 2.
|a česká poezie
|
| 655 |
|
7 |
|a poezie
|7 fd131936
|2 czenas
|
| 700 |
1 |
|
|a Drahoš, Zdeněk,
|d 1960-
|7 jn20000400534
|4 edt
|
| 700 |
1 |
|
|a Mědílek, Jiří,
|d 1954-
|7 jn19990218072
|4 ill
|
| 856 |
4 |
1 |
|u http://www.digitalniknihovna.cz/mzk/uuid/uuid:601d0b60-06f1-11e6-a611-005056827e51
|y Digitalizovaný dokument
|x NDK
|
| 910 |
|
|
|a BOA001
|b PK-0118.417
|b 2-0984.641
|
| 990 |
|
|
|a BK
|
| 996 |
6 |
|
|b 2619835563
|c 2-0984.641
|l MZK
|r Sklad / do 1 hodiny
|n 19
|w 000023600
|u 000020
|a 1
|e BOA001
|j MZK50
|s P
|
| 996 |
7 |
|
|b 3119999059
|c PK-0118.417
|l MZK
|r Sklad / do 1 hodiny
|n 15
|w 000023600
|u 000010
|a 1
|e BOA001
|j MZK50
|s A
|